[Jürgen Ehmann (Zust.): Das Tannenberg-Denkmal: die kleine Geschichte eines großen Monuments]

Titel: [Jürgen Ehmann (Zust.): Das Tannenberg-Denkmal: die kleine Geschichte eines großen Monuments] / Sven Ekdahl
Verfasser:
In: Preußenland, Band 14 (2023), Seite 338-340
alle Artikel anzeigen
Veröffentlicht: 2023
Format: Aufsatz
Sprache: Deutsch
Schlagworte:
Kein Bild verfügbar
X
alg: 52131775
001A    $03025:10-09-24 
001B    $01999:10-09-24 $t22:44:47.000 
001D    $03025:10-09-24 
001U    $0utf8 
001X    $00 
002@    $0Aou 
002C    $aText $btxt $2rdacontent 
002D    $aohne Hilfsmittel zu benutzen $bn $2rdamedia 
002E    $aBand $bnc $2rdacarrier 
003@    $0521317754 
007A    $0521317754 $aHEB 
010@    $ager 
010E    $erda 
011@    $a2023 
013D    $#Newspapers Sections, columns, etc. Reviews $#Book reviewing $#Journaux Cahiers, chroniques, etc. Comptes rendus $#Livres Recension $#Rezension $#Buchbesprechung $#Buchrezension $#Buchkritik $74049712-4 $8Rezension [Ts1] $9085138568 
021A    $a[Jürgen Ehmann (Zust.): Das Tannenberg-Denkmal: die kleine Geschichte eines großen Monuments] $hSven Ekdahl 
028A    $BVerfasser $4aut $7121703401 $8Ekdahl, Sven$Z1935- [Tp1] $9153023635 
031A    $d14 $h338-340 $j2023 
039B    $aEnthalten in $8--Abvc--. Preußenland. - Osnabrück : Fibre-Verl., 1963-. - ISSN 0032-7972 $x202300000140000662 $9047115017 
039T    $aRezension von $8--Aau--Ehmann, Jürgen [Tp3]. Das @Tannenberg-Denkmal. - 1. Auflage. - [Osterode] : Kreisgemeinschaft Osterode Ostpreußen e.V., 2022. - 88 Seiten. - Illustrationen, Karten. - ISBN 978-3-00-072342-1 $9506882888 
045F    $a907.2094383209043 $eDDC23BSB 
045F/01 $a907.2 
045F/03 $f09042 
045F/03 $f090423 
045F/03 $g43832 
045T    $a8,1 

lok: 52131775 78

exp: 52131775 78 1 #EPN
201B/01 $010-09-24 $t17:48:43.000 
201C/01 $010-09-24 
201U/01 $0utf8 
203@/01 $01272894363 
208@/01 $a10-09-24 $be 
209A/01 $a/ $f000 $x00 
209A/01 $ab*p $x01 
220C/01 $akoe 
247C/01 $82080>Marburg/Lahn, Herder-Institut, Forschungsbibliothek, Bibliographieportal $9336309341
LEADER 00000caa a2200000 c 4500
001 521317754
003 DE-603
005 20240910224447.0
007 tu
008 240910s2023 xx |||| | u00||u|ger c
035 |a (DE-599)HEB521317754 
040 |a DE-603  |b ger  |c DE-603  |d DE-603  |e rda 
041 |a ger 
082 0 4 |8 1\u  |a 907.2094383209043  |q DE-101  |2 23/BSB 
084 |a 8,1  |2 ssgn 
085 |8 1\u  |b 907.2 
085 |8 1\u  |z 1  |s 09042 
085 |8 1\u  |z 1  |s 090423 
085 |8 1\u  |z 2  |s 43832 
100 1 |a Ekdahl, Sven  |d 1935-  |e Verfasser  |4 aut  |0 (DE-603)153023635  |0 (DE-588)121703401  |2 gnd 
245 0 0 |a [Jürgen Ehmann (Zust.): Das Tannenberg-Denkmal: die kleine Geschichte eines großen Monuments]  |c Sven Ekdahl 
264 0 |c 2023 
336 |a Text  |b txt  |2 rdacontent 
337 |a ohne Hilfsmittel zu benutzen  |b n  |2 rdamedia 
338 |a Band  |b nc  |2 rdacarrier 
655 7 |a Rezension  |2 gnd-content  |0 (DE-588)4049712-4  |0 (DE-603)085138568 
773 0 8 |i Enthalten in  |t Preußenland  |d Osnabrück : Fibre-Verl., 1963-  |h 24 cm  |x 0032-7972  |g Band 14 (2023), Seite 338-340  |w (DE-603)047115017  |w (DE-600)123737-8 
787 0 8 |i Rezension von  |a Ehmann, Jürgen  |t ˜Dasœ Tannenberg-Denkmal  |b 1. Auflage  |d [Osterode] : Kreisgemeinschaft Osterode Ostpreußen e.V., 2022  |h 88 Seiten, Illustrationen, Karten  |z 9783000723421  |z 3000723420  |w (DE-603)506882888 
924 0 |9 2080  |a (DE-603)1272894363  |b DE-2080  |c HES  |d d  |g /